000 00640nam a2200277Ia 4500
005 20260324140847.0
008 008 260324s9999 xx 000 0 eng d
020 _a9781315853093
037 _aEBOOK
040 _aCRL
040 _beng
040 _cCRL
041 _2eng
041 _aeng
084 _qCRL
100 _aDeborah Blaz
_91149304
245 0 _aTeaching Foreign Languages in the Block
260 _bTaylor and Francis
260 _c1998
365 _a
365 _b180
856 _uhttp://www.taylorfrancis.com/books/9781315853093
942 _cEBOOK
999 _c1808506
_d1808506